000 00352nam a22001457a 4500
005 20160521121520.0
008 160521b xxu||||| |||| 00| 0 eng d
041 _aeng
082 _b3744
245 _aUniversal Engineering Q.B. (Electronics)
260 _bDeepak Prakashan
_c2003
300 _a210
650 _aDIPLOMA ENGINEERING
_9817
942 _cBK
999 _c1300
_d1300